000 00448nam a2200145Ia 4500
008 210210b2000 xxu||||| |||| 00| 0 eng d
082 _a423.1 FERF
100 _aSERNALD (James C).
245 _aFunk & Wagnalls standars handbook of synonyms, antonyms, and prepositions.
260 _aNew York.
_bFunk & Wagnalls Publishing Co.,
_c2000
300 _a515
650 _aSynonyms, Antonyms, Prepositions
690 _aDictionaries
906 _a040216
999 _c90225
_d90225